Normal view
MARC view
- الحج
Entry Topical Term
001 - CONTROL NUMBER
- control field: 49249
003 - CONTROL NUMBER IDENTIFIER
- control field: JO-AjAnu
005 - DATE AND TIME OF LATEST TRANSACTION
- control field: 20230606082121.0
008 - FIXED-LENGTH DATA ELEMENTS
- fixed length control field: 230606|| aca||aabn | a|a d
040 ## - CATALOGING SOURCE
- Original cataloging agency: JO-AjAnu
- Transcribing agency: JO-AjAnu
150 ## - HEADING--TOPICAL TERM
- Topical term or geographic name entry element: الحج
670 ## - SOURCE DATA FOUND
- Source citation: Work cat.: (JO-AjAnu)25187: الشافعي، فخر الدين أبي بكر بن علي بن محمد ؛ دراسة وتحقيق ياسر سلامة أبو طعمة, author 49248, غنية الفقير في حكم حج الأجير